000 00561nam a22001817a 4500
008 170706b xxu||||| |||| 00| 0 eng d
020 _a0072549025 (hbk. : alk. paper)
020 _a007121447X (international : alk. paper)
050 _aHB171.5
_b.C65 2004
100 _aColander, David C
245 _aEconomics /
_cDavid C. Colander
250 _a5th ed
260 _aBoston :
_bMcGraw-Hill/Irwin,
_c2004
300 _a1 v. (various pagings) :
_bill. (some col.) ;
_c27 cm
500 _aIncludes index
650 _aEconomics
942 _2lcc
_cBK
999 _c51041
_d51041